Memoria anual de los Servicios Médicos / Casa Provincial de Caridad de Barcelona, Dirección de los Servicios Médicosanitarios
Descripción Física:
29 p. : amb gràfics ; 25 cm
MARC
| LEADER | 00000nam a2200000Ia 4500 | ||
|---|---|---|---|
| 001 | 9199 | ||
| 008 | 160829s1939 xx 000 0 cat d | ||
| 080 | |a RF-15-113 | ||
| 100 | |a Casa de Caritat (Barcelona). Serveis Mèdics |9 47181 | ||
| 245 | |a Memoria anual de los Servicios Médicos / Casa Provincial de Caridad de Barcelona, Dirección de los Servicios Médicosanitarios | ||
| 260 | |a Barcelona : |b [la Institució], |c 1939 | ||
| 300 | |a 29 p. : |b amb gràfics ; |c 25 cm | ||
| 590 | |a Prové de A-201. | ||
| 590 | |a Hi ha un duplicat a: DUP-305 | ||
| 650 | |a Casa de Caritat (Barcelona). Serveis Mèdics |x Memòries |9 47182 | ||
| 856 | 4 | |u https://media.diba.cat/diba/fitxers/arxiu/fulletons/bib_9199_1939_baixa.pdf |y Accés lliure | |
| 856 | 4 | |u https://media.diba.cat/diba/fitxers/arxiu/fulletons/bib_9199_1939_baixa.pdf |y Accés lliure | |
| 901 | |a Arxiu | ||
| 942 | |n 1 |2 udc | ||
| 952 | |0 0 |1 0 |4 0 |6 RF15113 |7 1 |9 53733 |a Arxiu |b Arxiu |d 2016-12-01 |l 0 |o RF-15-113 |p 9199 |r 2016-12-01 00:00:00 |w 2016-12-01 |y ARXIU | ||
| 999 | |c 57599 |d 57599 | ||
| 900 | |a bib_9199_1939_baixa.pdf | ||